Most Streamed Travis Scott Songs - Statistics

General Stats
  • This quiz has been taken 305 times
    34 since last reset
  • The average score is 12 of 20
Answer Stats
# Streams Answer % Correct
5 1,542,250,517 FE!N
96%
1 3,080,347,520 goosebumps
92%
12 888,932,531 goosebumps (HVME Remix)
92%
3 2,230,679,917 HIGHEST IN THE ROOM
92%
2 2,546,481,145 SICKO MODE
92%
4 1,871,457,076 BUTTERFLY EFFECT
77%
16 859,182,442 90210
65%
15 869,045,299 STARGAZING
65%
6 1,260,449,074 ZEZE
62%
7 1,092,419,220 Fair Trade
54%
11 902,692,720 I KNOW ?
54%
17 858,329,013 CAN'T SAY
46%
9 1,034,348,234 Love Galore
42%
14 875,851,057 OUT WEST
42%
19 836,677,423 pick up the phone
38%
13 879,208,827 THE SCOTTS
38%
8 1,070,617,626 Trance
38%
10 954,324,263 Open Arms
35%
18 839,259,378 The London
23%
20 803,758,727 Take What You Want
15%
No matching quizzes found
Score Distribution
Percent of People with Each Score
Percentile by Number Answered
Your Score History
You have not taken this quiz since the last reset